000 00262 a2200097 4500
082 _a301 THI
100 _aThio, Alex
245 _aA Brief Introduction Sociology
_cAlex Thio
260 _aIsamabad :
_bNational Book Foundation,
300 _axiii, 443p. :
_bill ., ;
_c27 cm
650 _asociology
999 _c236
_d236